[Event "TUR-chT 1st League"]
[Site "Konya"]
[Date "2019.07.25"]
[Round "5.8"]
[White "Yargici, Mazhar Kutay"]
[Black "Ozturk, Yavuz"]
[Result "0-1"]
[WhiteElo "1933"]
[BlackElo "1686"]
[PlyCount "109"]
[EventDate "2019.07.22"]
[EventType "team-swiss"]
[EventRounds "9"]
[EventCountry "TUR"]
[SourceTitle "CBM 191 Extra"]
[Source "ChessBase"]
[SourceDate "2019.09.30"]
[SourceVersion "1"]
[SourceVersionDate "2019.09.30"]
[SourceQuality "1"]
[WhiteTeam "Aydin Egitim Merkezi"]
[BlackTeam "Kahramanmaras CC"]
[WhiteTeamCountry "TUR"]
[BlackTeamCountry "TUR"]

1. d4 Nf6 2. c4 g6 3. Nc3 Bg7 4. e4 d6 5. f3 0-0 6. Be3 c5 7. Nge2 Nc6 8. d5 Ne5 9. Ng3 h5 10. Be2 e6 11. 0-0 exd5 12. cxd5 a6 13. a4 Re8 14. Rf2 h4 15. Nf1 Nh7 16. f4 Nd7 17. Bd3 Ndf6 18. h3 Nh5 19. Qf3 Qe7 20. Re1 Bd7 21. Nd2 Ng3 22. Nf1 Nh5 23. g4 hxg3 24. Nxg3 Nxg3 25. Qxg3 Bf6 26. Ree2 Bh4 27. Qg2 Nf6 28. Rf3 Nh5 29. Bf2 Bf6 30. f5 Kh8 31. fxg6 Rg8 32. e5 Bxe5 33. Be3 fxg6 34. Bg5 Qg7 35. Kh1 Rgf8 36. Ref2 Bf5 37. Bxf5 gxf5 38. Bh4 f4 39. Ne4 Qxg2+ 40. Rxg2 Rg8 41. Rb3 b5 42. Rxg8+ Rxg8 43. axb5 axb5 44. Rxb5 f3 45. Rb3 Rf8 46. Nd2 f2 47. Kg2 Nf4+ 48. Kf1 Nxd5 49. Nf3 Bf4 50. Kxf2 Rf7 51. Ke2 Nf6 52. Rb8+ Kg7 53. Be1 Re7+ 54. Kd1 d5 55. Bd2 0-1

[Event "TUR-chT 1st League"]
[Site "Konya"]
[Date "2017.07.23"]
[Round "9.12"]
[White "Uzun, Fuat"]
[Black "Yargici, Mazhar Kutay"]
[Result "0-1"]
[WhiteElo "1999"]
[BlackElo "1913"]
[PlyCount "62"]
[EventDate "2017.07.17"]
[EventType "team-swiss"]
[EventRounds "9"]
[EventCountry "TUR"]
[SourceTitle "EXT 2018"]
[Source "ChessBase"]
[SourceDate "2017.10.13"]
[SourceVersion "1"]
[SourceVersionDate "2017.10.13"]
[SourceQuality "1"]
[WhiteTeam "Antalya Olbia"]
[BlackTeam "Aydin Egitim Merkezi"]
[WhiteTeamCountry "TUR"]
[BlackTeamCountry "TUR"]

1. e4 e5 2. Nc3 Nc6 3. f4 exf4 4. Nf3 Nf6 5. Bc4 d6 6. d4 Nh5 7. 0-0 Bg4 8. Nd5 g5 9. c3 Na5 10. Be2 c6 11. Nxg5 Bxe2 12. Qxe2 Qxg5 13. Qxh5 Qxh5 14. Nf6+ Ke7 15. Nxh5 Bh6 16. Bxf4 Bxf4 17. Rxf4 Rhg8 18. Raf1 Raf8 19. b3 b5 20. Rf5 Nb7 21. Nf6 Rg7 22. e5 d5 23. Rh5 Rh8 24. Rf2 Nd8 25. Rh4 a5 26. Kf1 Ne6 27. g3 b4 28. c4 dxc4 29. bxc4 a4 30. Ke1 b3 31. axb3 axb3 0-1

[Event "Wch U20 52nd"]
[Site "Kocaeli"]
[Date "2013.09.25"]
[Round "12"]
[White "Percin, Onder"]
[Black "Yargici, Mazhar Kutay"]
[Result "0-1"]
[WhiteElo "1838"]
[BlackElo "1970"]
[PlyCount "73"]
[EventDate "2013.09.13"]
[EventType "swiss"]
[EventRounds "13"]
[EventCountry "TUR"]
[SourceTitle "CBM 156 Extra"]
[Source "ChessBase"]
[SourceDate "2013.10.22"]
[SourceVersion "1"]
[SourceVersionDate "2013.10.22"]
[SourceQuality "1"]

1. e4 e5 2. Nf3 Nc6 3. Bb5 a6 4. Ba4 Nf6 5. 0-0 Be7 6. Re1 b5 7. Bb3 d6 8. c3 0-0 9. h3 Nb8 10. d4 Nbd7 11. Nbd2 Bb7 12. Bc2 Re8 13. Nf1 Bf8 14. Ng3 g6 15. a4 exd4 16. cxd4 c5 17. d5 Bg7 18. Bf4 Ne5 19. Nxe5 dxe5 20. Be3 c4 21. Qd2 Qd6 22. Bh6 Bxh6 23. Qxh6 b4 24. Re3 Qf8 25. Qh4 Qe7 26. Qh6 Qf8 27. Qg5 Qg7 28. Rf3 Nd7 29. Qh4 Qh8 30. a5 b3 31. Bd1 Rac8 32. Be2 f5 33. exf5 Bxd5 34. Ne4 g5 35. Nxg5 Bxf3 36. Nxf3 e4 37. Ng5 0-1

[Event "Wch U20 52nd"]
[Site "Kocaeli"]
[Date "2013.09.23"]
[Round "10"]
[White "Sahin, Ozgun"]
[Black "Yargici, Mazhar Kutay"]
[Result "1-0"]
[WhiteElo "1857"]
[BlackElo "1970"]
[PlyCount "55"]
[EventDate "2013.09.13"]
[EventType "swiss"]
[EventRounds "13"]
[EventCountry "TUR"]
[SourceTitle "CBM 156 Extra"]
[Source "ChessBase"]
[SourceDate "2013.10.22"]
[SourceVersion "1"]
[SourceVersionDate "2013.10.22"]
[SourceQuality "1"]

1. e4 e5 2. Nf3 Nc6 3. c3 d5 4. Qa4 Qd6 5. d4 Bd7 6. Bb5 exd4 7. exd5 Qxd5 8. 0-0 Bd6 9. Re1+ Nge7 10. cxd4 0-0 11. Nc3 Qh5 12. Be2 Rad8 13. Qd1 Qa5 14. Bd2 Nd5 15. Qc1 Rfe8 16. a3 Nxc3 17. bxc3 Qa4 18. c4 Bg4 19. Be3 Na5 20. c5 Nb3 21. Bd1 Be6 22. Qc2 Bf8 23. Rb1 Qxa3 24. Qc3 a5 25. Bxb3 a4 26. Bc1 Qxb3 27. Rxb3 Bxb3 28. h3 1-0

[Event "Wch U20 52nd"]
[Site "Kocaeli"]
[Date "2013.09.21"]
[Round "8"]
[White "Kilic, Efe Mert"]
[Black "Yargici, Mazhar Kutay"]
[Result "0-1"]
[WhiteElo "1843"]
[BlackElo "1970"]
[PlyCount "114"]
[EventDate "2013.09.13"]
[EventType "swiss"]
[EventRounds "13"]
[EventCountry "TUR"]
[SourceTitle "CBM 156 Extra"]
[Source "ChessBase"]
[SourceDate "2013.10.22"]
[SourceVersion "1"]
[SourceVersionDate "2013.10.22"]
[SourceQuality "1"]

1. e4 e5 2. Nf3 Nc6 3. d4 exd4 4. Nxd4 Nf6 5. Nxc6 bxc6 6. e5 Qe7 7. Qe2 Nd5 8. c4 Nb6 9. Nc3 Qe6 10. b3 a5 11. a4 Bb4 12. Bb2 d5 13. exd6 cxd6 14. 0-0-0 0-0 15. Qxe6 Bxe6 16. Bd3 Nd7 17. Bc2 Nc5 18. Ne2 d5 19. Rd4 Rfe8 20. Nf4 Na6 21. Nxe6 fxe6 22. Rh4 h6 23. Re1 Rad8 24. Rg4 Rd7 25. Re3 e5 26. Rh3 d4 27. Be4 Rd6 28. Rhg3 Re7 29. Rg6 Rxg6 30. Rxg6 Nc5 31. Bc2 d3 32. Bd1 d2+ 33. Kc2 Ne4 34. f3 Nf2 35. Rxc6 e4 36. fxe4 Rxe4 37. Rc8+ Kf7 38. Rd8 Re7 39. Bf3 Re1 40. Rd4 g5 41. h3 Ke6 42. Rd5 d1Q+ 43. Bxd1 Nxd1 44. Rxd1 Re2+ 45. Kc1 Rxg2 46. Rd3 Kf5 47. c5 Ke4 48. Rd4+ Ke3 49. c6 Rg1+ 50. Kc2 Rg2+ 51. Kb1 Rg1+ 52. Ka2 Rg2 53. c7 Bc3 54. Rc4 Rxb2+ 55. Ka3 Rc2 56. b4 axb4+ 57. Kb3 Rb2# 0-1

[Event "Wch U20 52nd"]
[Site "Kocaeli"]
[Date "2013.09.15"]
[Round "3"]
[White "Lozhnikov, Vyacheslav"]
[Black "Yargici, Mazhar Kutay"]
[Result "1-0"]
[WhiteElo "2339"]
[BlackElo "1970"]
[PlyCount "107"]
[EventDate "2013.09.13"]
[EventType "swiss"]
[EventRounds "13"]
[EventCountry "TUR"]
[SourceTitle "CBM 156 Extra"]
[Source "ChessBase"]
[SourceDate "2013.10.22"]
[SourceVersion "1"]
[SourceVersionDate "2013.10.22"]
[SourceQuality "1"]

1. d4 Nf6 2. c4 e6 3. Nc3 d5 4. Nf3 Be7 5. Bg5 0-0 6. e3 Nbd7 7. Bd3 c6 8. Rc1 dxc4 9. Bxc4 Nd5 10. Bxe7 Qxe7 11. 0-0 Nxc3 12. bxc3 e5 13. Qe2 e4 14. Nd2 Re8 15. f3 exf3 16. Qxf3 Nf6 17. e4 Be6 18. e5 Nd7 19. Bxe6 Qxe6 20. Ne4 Rf8 21. Qf5 Qxf5 22. Rxf5 f6 23. exf6 Nxf6 24. Nc5 b6 25. Nd3 Nd5 26. Re5 Rae8 27. c4 Rxe5 28. Nxe5 Ne7 29. Rd1 Rd8 30. Kf2 c5 31. d5 Nf5 32. Nc6 Rd7 33. Ke2 Nd6 34. Kd3 a6 35. a4 Rb7 36. Re1 b5 37. cxb5 axb5 38. a5 Rc7 39. a6 Nc8 40. Rc1 c4+ 41. Kd4 Kf7 42. Kc5 Ke8 43. Kxb5 c3 44. Rxc3 Kd7 45. Kc5 Na7 46. Kb6 Nc8+ 47. Ka5 Kd6 48. Rd3 Kc5 49. Rd1 Kd6 50. Kb5 Rf7 51. Nd8 Rf5 52. Nb7+ Kc7 53. Rc1+ Kb8 54. Rxc8+ 1-0

[Event "Izmir op 10th"]
[Site "Izmir"]
[Date "2011.09.06"]
[Round "7"]
[White "Yargici, Mazhar Kutay"]
[Black "Arat, Ufuk Sezen"]
[Result "0-1"]
[WhiteElo "1921"]
[BlackElo "2068"]
[PlyCount "64"]
[EventDate "2011.09.01"]
[EventType "swiss"]
[EventRounds "9"]
[EventCountry "TUR"]
[SourceTitle "CBM 144 Extra"]
[Source "ChessBase"]
[SourceDate "2011.10.28"]
[SourceVersion "1"]
[SourceVersionDate "2011.10.28"]
[SourceQuality "1"]

1. d4 Nf6 2. c4 g6 3. Nc3 Bg7 4. e4 d6 5. Nf3 0-0 6. Be2 e5 7. 0-0 Nc6 8. d5 Ne7 9. Ne1 Nd7 10. Be3 f5 11. f3 f4 12. Bf2 g5 13. Nd3 Nf6 14. c5 Ng6 15. a4 h5 16. a5 g4 17. cxd6 cxd6 18. Nb5 g3 19. Bxa7 Nh7 20. Qd2 Bd7 21. Nxd6 Rxa7 22. Nc5 Qh4 23. h3 Bxh3 24. gxh3 Qxh3 25. Bd1 Nh4 26. Nf5 Rxf5 27. exf5 g2 28. Bb3 Ng5 29. d6+ Kh7 30. Bd5 e4 31. Bxe4 Bd4+ 32. Qxd4 gxf1Q+ 0-1

[Event "TUR-chT"]
[Site "Konya"]
[Date "2011.07.08"]
[Round "12"]
[White "Yargici, Mazhar Kutay"]
[Black "Ciloglu, Dogu"]
[Result "1/2-1/2"]
[WhiteElo "1926"]
[BlackElo "1770"]
[PlyCount "58"]
[EventDate "2011.06.28"]
[EventType "team-swiss"]
[EventRounds "13"]
[EventCountry "TUR"]
[SourceTitle "CBM 143 Extra"]
[Source "ChessBase"]
[SourceDate "2011.08.29"]
[SourceVersion "1"]
[SourceVersionDate "2011.08.29"]
[SourceQuality "1"]
[WhiteTeam "Turk Hava Yollari"]
[BlackTeam "Manisa Doruk Koleji"]
[WhiteTeamCountry "TUR"]
[BlackTeamCountry "TUR"]

1. d4 d5 2. c4 e6 3. Nc3 Nf6 4. cxd5 exd5 5. Bg5 Be7 6. e3 Nbd7 7. Qc2 c6 8. Bd3 0-0 9. Nf3 Re8 10. 0-0 Nf8 11. Rab1 g6 12. b4 a6 13. a4 Ne6 14. Bh4 Ng7 15. b5 axb5 16. axb5 Bf5 17. bxc6 bxc6 18. Ne5 Qd6 19. Bg3 Bxd3 20. Nxd3 Qe6 21. Na4 Nd7 22. Rfc1 Ba3 23. Rd1 Rec8 24. Qb3 Bd6 25. Rbc1 Nf5 26. Bxd6 Nxd6 27. Ndc5 Nxc5 28. Nxc5 Qe7 29. Rb1 Qa7 1/2-1/2

[Event "TUR-chT"]
[Site "Konya"]
[Date "2011.07.07"]
[Round "11"]
[White "Komut, Kaan"]
[Black "Yargici, Mazhar Kutay"]
[Result "1-0"]
[WhiteElo "1917"]
[BlackElo "1926"]
[PlyCount "101"]
[EventDate "2011.06.28"]
[EventType "team-swiss"]
[EventRounds "13"]
[EventCountry "TUR"]
[SourceTitle "CBM 143 Extra"]
[Source "ChessBase"]
[SourceDate "2011.08.29"]
[SourceVersion "1"]
[SourceVersionDate "2011.08.29"]
[SourceQuality "1"]
[WhiteTeam "Celikkol Turizm Pamukkale"]
[BlackTeam "Turk Hava Yollari"]
[WhiteTeamCountry "TUR"]
[BlackTeamCountry "TUR"]

1. e4 e5 2. Nf3 Nc6 3. Bb5 a6 4. Ba4 Nf6 5. 0-0 Be7 6. Re1 b5 7. Bb3 0-0 8. c3 d6 9. h3 Na5 10. Bc2 c5 11. d4 Qc7 12. d5 c4 13. Nbd2 Bd7 14. Nf1 Rfe8 15. Ng3 Nb7 16. Bg5 Nc5 17. Qd2 Rab8 18. Rad1 a5 19. Nxe5 dxe5 20. d6 Bxd6 21. Qxd6 Qxd6 22. Rxd6 Re6 23. Red1 Rxd6 24. Rxd6 Ne8 25. Rd5 Ne6 26. Rxd7 Nxg5 27. Nf5 Nf6 28. Re7 Ngxe4 29. Rxe5 Ng5 30. Ne7+ Kf8 31. Nc6 Rb6 32. Rxg5 Rxc6 33. Rxb5 Rd6 34. Rxa5 Rd2 35. Ba4 Rxb2 36. Rc5 Rxa2 37. Rxc4 Ra3 38. Bc6 Ke7 39. Bf3 Kd6 40. Rc8 Ra5 41. Rc6+ Kd7 42. c4 Ra3 43. Rb6 Rc3 44. Rb7+ Ke6 45. Rc7 Rd3 46. c5 Nd7 47. Be2 Rd4 48. c6 Ne5 49. Rc8 Rd6 50. Re8+ Kd5 51. c7 1-0

[Event "TUR-chT"]
[Site "Konya"]
[Date "2011.07.04"]
[Round "7"]
[White "Donmez, Batuhan"]
[Black "Yargici, Mazhar Kutay"]
[Result "1/2-1/2"]
[WhiteElo "1849"]
[BlackElo "1926"]
[PlyCount "84"]
[EventDate "2011.06.28"]
[EventType "team-swiss"]
[EventRounds "13"]
[EventCountry "TUR"]
[SourceTitle "CBM 143 Extra"]
[Source "ChessBase"]
[SourceDate "2011.08.29"]
[SourceVersion "1"]
[SourceVersionDate "2011.08.29"]
[SourceQuality "1"]
[WhiteTeam "Bursa Tophane"]
[BlackTeam "Turk Hava Yollari"]
[WhiteTeamCountry "TUR"]
[BlackTeamCountry "TUR"]

1. e4 e5 2. Nf3 Nc6 3. Bc4 Bc5 4. c3 Nf6 5. d3 d6 6. 0-0 0-0 7. Bb3 Be6 8. Bg5 h6 9. Bh4 g5 10. Bg3 Bg4 11. h3 Bh5 12. Nbd2 Kh8 13. Nc4 a6 14. Qe2 Bg6 15. Nh2 Nh5 16. Kh1 Nf4 17. Bxf4 gxf4 18. g3 fxg3 19. fxg3 f5 20. exf5 Bxf5 21. g4 Bg6 22. Rxf8+ Qxf8 23. Rf1 Qe7 24. Nd2 Rf8 25. Ne4 Bb6 26. Rf3 Na5 27. Bc2 d5 28. Ng3 Nc6 29. Rxf8+ Qxf8 30. Qf3 Qxf3+ 31. Nxf3 Be3 32. Nh4 Bf7 33. Kg2 Bc1 34. b3 Bd2 35. Ne2 d4 36. c4 Nb4 37. Bb1 b5 38. Nf3 Be3 39. Nxe5 Be8 40. a3 Nc6 41. Nxc6 Bxc6+ 42. Kg3 Kg7 1/2-1/2

[Event "TUR-chT"]
[Site "Konya"]
[Date "2011.07.02"]
[Round "6"]
[White "Yargici, Mazhar Kutay"]
[Black "Emiroglu, Cankut"]
[Result "1-0"]
[WhiteElo "1926"]
[BlackElo "2216"]
[PlyCount "105"]
[EventDate "2011.06.28"]
[EventType "team-swiss"]
[EventRounds "13"]
[EventCountry "TUR"]
[SourceTitle "CBM 143 Extra"]
[Source "ChessBase"]
[SourceDate "2011.08.29"]
[SourceVersion "1"]
[SourceVersionDate "2011.08.29"]
[SourceQuality "1"]
[WhiteTeam "Turk Hava Yollari"]
[BlackTeam "Besiktas Jimnastik"]
[WhiteTeamCountry "TUR"]
[BlackTeamCountry "TUR"]

1. d4 Nf6 2. c4 e6 3. Nc3 Bb4 4. e3 c5 5. a3 Bxc3+ 6. bxc3 d5 7. cxd5 exd5 8. Bd3 0-0 9. Ne2 b6 10. 0-0 Ba6 11. Ng3 Bxd3 12. Qxd3 Nc6 13. f3 Qd7 14. Bb2 Rac8 15. Rad1 cxd4 16. cxd4 Ne7 17. e4 Qa4 18. Bc1 Qc2 19. Bg5 Qxd3 20. Rxd3 h6 21. Bxf6 gxf6 22. Nh5 Rc6 23. e5 f5 24. Nf6+ Kh8 25. g4 Rd8 26. f4 fxg4 27. f5 Rdc8 28. Nxg4 Rg8 29. Rg3 Rg5 30. Ne3 f6 31. Rxg5 hxg5 32. Ng4 Ng8 33. Ne3 Ne7 34. Ng4 Ng8 35. Rb1 Kg7 36. Rb5 fxe5 37. dxe5 Rc5 38. Rb3 d4 39. Rf3 Rc7 40. Kf2 b5 41. f6+ Kf7 42. Rh3 Ke6 43. Rh8 Rc8 44. Rh7 Kf5 45. h3 a5 46. Rb7 Kg6 47. Rxb5 Nh6 48. Rxa5 Rc3 49. Nxh6 Kxh6 50. f7 Kg7 51. e6 Rc8 52. Rxg5+ Kf6 53. Rg8 1-0

[Event "TUR-chT"]
[Site "Konya"]
[Date "2011.06.30"]
[Round "3"]
[White "Yargici, Mazhar Kutay"]
[Black "Burneckas, Yunus"]
[Result "0-1"]
[WhiteElo "1926"]
[BlackElo "1920"]
[PlyCount "72"]
[EventDate "2011.06.28"]
[EventType "team-swiss"]
[EventRounds "13"]
[EventCountry "TUR"]
[SourceTitle "CBM 143 Extra"]
[Source "ChessBase"]
[SourceDate "2011.08.29"]
[SourceVersion "1"]
[SourceVersionDate "2011.08.29"]
[SourceQuality "1"]
[WhiteTeam "Turk Hava Yollari"]
[BlackTeam "Mersin Ezgi"]
[WhiteTeamCountry "TUR"]
[BlackTeamCountry "TUR"]

1. d4 f5 2. Nf3 Nf6 3. g3 e6 4. Bg2 d6 5. 0-0 Be7 6. c4 0-0 7. Qc2 Qe8 8. Rd1 Qh5 9. Nc3 a5 10. Bf4 Nc6 11. a3 h6 12. d5 e5 13. dxc6 exf4 14. Nd5 Nxd5 15. cxb7 Bxb7 16. cxd5 fxg3 17. hxg3 Ba6 18. e3 Bf6 19. Nd4 Rab8 20. b4 f4 21. gxf4 Bc8 22. Qxc7 Bh3 23. Bxh3 Qxh3 24. Qxd6 Rbe8 25. Ne2 Bh4 26. Qc6 Bxf2+ 27. Kxf2 Qxe3+ 28. Kf1 Qxe2+ 29. Kg1 Qg4+ 30. Kh1 Qh3+ 31. Kg1 Qg3+ 32. Kh1 Re2 33. Qe6+ Rxe6 34. dxe6 Qh3+ 35. Kg1 Qg3+ 36. Kh1 Rxf4 0-1

[Event "TUR-ch"]
[Site "Kemer"]
[Date "2011.02.05"]
[Round "1"]
[White "Ali Marandi, Cemil Can"]
[Black "Yargici, Mazhar Kutay"]
[Result "1/2-1/2"]
[WhiteElo "2180"]
[BlackElo "1905"]
[PlyCount "108"]
[EventDate "2011.02.05"]
[EventType "swiss"]
[EventRounds "10"]
[EventCountry "TUR"]
[SourceTitle "CBM 140 Extra"]
[Source "ChessBase"]
[SourceDate "2011.03.01"]
[SourceVersion "1"]
[SourceVersionDate "2011.03.01"]
[SourceQuality "1"]

1. e4 e5 2. Nf3 Nc6 3. Bb5 a6 4. Ba4 Nf6 5. 0-0 Be7 6. Re1 b5 7. Bb3 d6 8. c3 0-0 9. h3 Nb8 10. d4 Nbd7 11. Nbd2 Bb7 12. Bc2 Re8 13. Nf1 Bf8 14. Bg5 h6 15. Bh4 g6 16. N1h2 Bg7 17. Ng4 h5 18. Nxf6+ Bxf6 19. Bg3 c5 20. Qd2 Qb6 21. Rad1 Rad8 22. d5 c4 23. Bh4 Bxh4 24. Nxh4 Rb8 25. Re3 Qd8 26. Nf3 Nc5 27. Nh2 a5 28. Rg3 Qh4 29. Re1 Kh7 30. Ree3 Bc8 31. Qd1 Rf8 32. Qe2 b4 33. Nf3 Qe7 34. Ng5+ Kg7 35. h4 bxc3 36. b3 cxb3 37. axb3 Nxb3 38. Bxb3 Rxb3 39. Rxc3 Rxc3 40. Rxc3 Bb7 41. Qc2 Rd8 42. Rf3 Rf8 43. Qa4 Bc8 44. Qxa5 f6 45. Nh3 Qb7 46. Kh2 Bxh3 47. Rxh3 Ra8 48. Qc3 Rc8 49. Qa3 Qb6 50. Re3 Kf7 51. Qa4 Rc7 52. Qa8 Kg7 53. Qe8 Rf7 54. Kh3 Qc7 1/2-1/2

[Event "TUR-chT"]
[Site "Konya"]
[Date "2010.07.02"]
[Round "5"]
[White "Soysal, Ismail"]
[Black "Yargici, Mazhar Kutay"]
[Result "1-0"]
[WhiteElo "1676"]
[BlackElo "1822"]
[PlyCount "117"]
[EventDate "2010.06.29"]
[EventType "team-tourn"]
[EventRounds "13"]
[EventCountry "TUR"]
[SourceTitle "CBM 137 Extra"]
[Source "ChessBase"]
[SourceDate "2010.09.01"]
[SourceVersion "1"]
[SourceVersionDate "2010.09.01"]
[SourceQuality "1"]

1. e4 e5 2. Nf3 Nc6 3. Bb5 a6 4. Ba4 Nf6 5. 0-0 Be7 6. Re1 b5 7. Bb3 0-0 8. h3 d6 9. c3 Na5 10. Bc2 c5 11. d4 Qc7 12. Nbd2 cxd4 13. cxd4 Nc6 14. Nb3 a5 15. Be3 a4 16. Nbd2 Bd7 17. Rc1 Rac8 18. Qe2 Qb7 19. Bb1 Rc7 20. d5 Nb4 21. Rxc7 Qxc7 22. Nf1 Rc8 23. Rc1 Qb7 24. Qd2 Na6 25. g4 Bd8 26. Ng3 Rxc1+ 27. Qxc1 Bb6 28. Nf5 Bxf5 29. gxf5 Nc5 30. Nxe5 Nfxe4 31. Bxe4 Nxe4 32. Bxb6 dxe5 33. Qc7 Qxc7 34. Bxc7 Nf6 35. Bxe5 Nxd5 36. Kg2 Nb4 37. a3 Nd3 38. Bc3 Nf4+ 39. Kg3 Ne2+ 40. Kf3 Ng1+ 41. Kg2 Ne2 42. h4 Kf8 43. Bb4+ Ke8 44. Kf3 Nd4+ 45. Ke4 Nb3 46. Kd5 Kd7 47. Bf8 g6 48. fxg6 hxg6 49. f4 Kc7 50. f5 Kd7 51. Bb4 Kc7 52. fxg6 fxg6 53. Ke5 Kd7 54. Kf6 Nd4 55. Kxg6 Ke6 56. h5 Nf5 57. h6 Nh4+ 58. Kh5 Nf5 59. h7 1-0

[Event "TUR-chT"]
[Site "Konya"]
[Date "2010.07.02"]
[Round "6"]
[White "Yargici, Mazhar Kutay"]
[Black "Kerigan, Demre"]
[Result "1-0"]
[WhiteElo "1822"]
[BlackElo "2126"]
[PlyCount "65"]
[EventDate "2010.06.29"]
[EventType "team-tourn"]
[EventRounds "13"]
[EventCountry "TUR"]
[SourceTitle "CBM 137 Extra"]
[Source "ChessBase"]
[SourceDate "2010.09.01"]
[SourceVersion "1"]
[SourceVersionDate "2010.09.01"]
[SourceQuality "1"]

1. d4 d5 2. Nf3 Nf6 3. c4 dxc4 4. e3 Bg4 5. Bxc4 e6 6. 0-0 a6 7. a4 Nc6 8. Nc3 Bd6 9. h3 Bh5 10. Be2 0-0 11. Nd2 Bxe2 12. Qxe2 e5 13. d5 Nb4 14. Qc4 c6 15. e4 Rc8 16. Qb3 Bc5 17. Rd1 Qb6 18. Rf1 cxd5 19. exd5 Rfd8 20. Nc4 Qc7 21. Be3 Nbxd5 22. Nxd5 Rxd5 23. Rac1 b5 24. axb5 axb5 25. Na3 b4 26. Nc2 Bxe3 27. Nxe3 Rc5 28. Rcd1 Qb6 29. Nf5 R5c7 30. Rd6 Qc5 31. Rfd1 Rf8 32. Rxf6 Kh8 33. Rfd6 1-0

[Event "World ol U16 07th"]
[Site "Mersin"]
[Date "2008.08.20"]
[Round "6"]
[White "Ynojosa Aponte, Felix Jose"]
[Black "Yargici, Mazhar Kutay"]
[Result "1-0"]
[WhiteElo "2101"]
[BlackElo "1937"]
[PlyCount "91"]
[EventDate "2008.08.17"]
[EventType "team-swiss"]
[EventRounds "10"]
[EventCountry "TUR"]
[SourceTitle "CBM 126 Extra"]
[Source "ChessBase"]
[SourceDate "2008.11.05"]
[SourceVersion "1"]
[SourceVersionDate "2008.11.05"]
[SourceQuality "1"]

1. e4 e5 2. Bc4 Nf6 3. d3 Bc5 4. Nc3 c6 5. Nf3 d5 6. exd5 cxd5 7. Bb5+ Bd7 8. Bxd7+ Nbxd7 9. 0-0 0-0 10. Nxe5 Nxe5 11. d4 Bd6 12. dxe5 Bxe5 13. Qd3 h6 14. h3 Rc8 15. Ne2 Re8 16. c3 Rc4 17. Be3 a6 18. Nd4 Bb8 19. Rae1 Ne4 20. Bc1 Qd6 21. f4 Ba7 22. Be3 Ng3 23. Nf5 Bxe3+ 24. Rxe3 Qc5 25. Rf2 Rce4 26. Rxg3 Re1+ 27. Kh2 Qxf2 28. Rxg7+ Kf8 29. Qd4 Qxd4 30. cxd4 R8e6 31. Rh7 Rg6 32. Rh8+ Rg8 33. Rxh6 Re2 34. Ng3 Rxb2 35. Rd6 Rxa2 36. f5 Ke7 37. Rb6 Rb8 38. f6+ Kf8 39. Rd6 Rf2 40. Nh5 a5 41. Rxd5 a4 42. Kg1 Rd2 43. Ng7 a3 44. Rh5 Kg8 45. Nf5 a2 46. Ne7+ 1-0

[Event "TUR-chT"]
[Site "Kocaeli"]
[Date "2008.07.01"]
[Round "13"]
[White "Kucuk, Kaan"]
[Black "Yargici, Mazhar Kutay"]
[Result "0-1"]
[WhiteElo "1809"]
[BlackElo "1937"]
[PlyCount "98"]
[EventDate "2008.06.24"]
[EventType "team"]
[EventRounds "15"]
[EventCountry "TUR"]
[SourceTitle "CBM 125 Extra"]
[Source "ChessBase"]
[SourceDate "2008.09.01"]
[SourceVersion "1"]
[SourceVersionDate "2008.09.01"]
[SourceQuality "1"]

1. e4 e5 2. Nf3 Nc6 3. Bb5 a6 4. Ba4 Nf6 5. 0-0 Be7 6. Re1 b5 7. Bb3 d6 8. c3 0-0 9. h3 Na5 10. Bc2 c5 11. d4 Qc7 12. Nbd2 cxd4 13. cxd4 Nc6 14. d5 Nb4 15. Bb1 a5 16. Nf1 h6 17. Qb3 Bd7 18. Be3 Rfc8 19. Rc1 Qb7 20. Rxc8+ Rxc8 21. Bd2 Qc7 22. Bxb4 axb4 23. Bd3 Qa5 24. Ne3 Qa4 25. Nc2 Nxe4 26. Bxe4 f5 27. Qxa4 bxa4 28. Bd3 e4 29. Nxb4 exd3 30. Nxd3 Bf6 31. Nfe1 a3 32. Rb1 axb2 33. Nxb2 Rb8 34. Ned3 f4 35. g4 fxg3 36. fxg3 Bf5 37. Rf1 Bxh3 38. Re1 Bxb2 39. Nxb2 Rxb2 40. Re8+ Kf7 41. Ra8 Bg2 42. Ra7+ Kf6 43. Rd7 Rxa2 44. Rxd6+ Kg5 45. Rd7 Kg6 46. d6 Bh3 47. Re7 Rd2 48. g4 Bxg4 49. Re4 Bf5 0-1

[Event "TUR-chT"]
[Site "Kocaeli"]
[Date "2008.06.28"]
[Round "8"]
[White "Emiroglu, Cankut"]
[Black "Yargici, Mazhar Kutay"]
[Result "1-0"]
[WhiteElo "2019"]
[BlackElo "1937"]
[PlyCount "239"]
[EventDate "2008.06.24"]
[EventType "team"]
[EventRounds "15"]
[EventCountry "TUR"]
[SourceTitle "CBM 125 Extra"]
[Source "ChessBase"]
[SourceDate "2008.09.01"]
[SourceVersion "1"]
[SourceVersionDate "2008.09.01"]
[SourceQuality "1"]

1. e4 e5 2. Nf3 Nc6 3. Bb5 a6 4. Ba4 Nf6 5. 0-0 Be7 6. Re1 b5 7. Bb3 0-0 8. h3 d6 9. c3 d5 10. exd5 Nxd5 11. Nxe5 Nxe5 12. Rxe5 c6 13. d4 Bd6 14. Re1 Qh4 15. Qf3 Nf6 16. Be3 Bd7 17. Nd2 Rae8 18. Nf1 Ne4 19. Nd2 Nf6 20. Bc2 Bb8 21. Bf5 Be6 22. Bxe6 Rxe6 23. Qf5 Rfe8 24. Nf3 Qe4 25. Qxe4 Nxe4 26. Nd2 Ng3 27. Nf1 Ne4 28. Red1 Nf6 29. Bd2 Ne4 30. Be3 Nf6 31. b3 Rd8 32. Bg5 Kf8 33. Ne3 h6 34. Bxf6 Rxf6 35. d5 cxd5 36. Rxd5 Rxd5 37. Nxd5 Rf5 38. Ne3 Rc5 39. Rd1 Ke8 40. c4 bxc4 41. Nxc4 Ke7 42. Re1+ Kf8 43. Nb6 Rc7 44. Rd1 Ba7 45. Nc4 Ke7 46. Re1+ Kf6 47. Rd1 Ke7 48. Rd5 f6 49. Kf1 Rc6 50. f3 Bb6 51. Nxb6 Rxb6 52. Kf2 Rc6 53. Kg3 Ke6 54. Rd4 a5 55. Ra4 Rc5 56. b4 axb4 57. Rxb4 Ra5 58. a4 Kf7 59. Kf4 Ke6 60. Ke3 Kd6 61. Kd3 Kc6 62. Kc3 Kd6 63. Kb3 Kc6 64. Rc4+ Kb6 65. Kb4 Ra7 66. Rg4 Kc6 67. a5 Rb7+ 68. Ka4 Ra7 69. Rg6 Rb7 70. a6 Ra7 71. Ka5 Rd7 72. Rg4 Rd5+ 73. Ka4 Rd7 74. Rb4 Rd1 75. Rb3 Rd4+ 76. Ka5 Rd5+ 77. Kb4 Rd4+ 78. Ka3 Rd5 79. Kb4 Rd4+ 80. Kc3 Ra4 81. Rb7 Rxa6 82. Rxg7 Kd5 83. Rg6 Ra2 84. Kd3 Ke5 85. g4 Ra3+ 86. Ke2 h5 87. gxh5 Ra2+ 88. Ke3 Ra3+ 89. Kf2 Kf5 90. Rg4 Ra7 91. h6 Rh7 92. Rh4 Kg5 93. Kg3 f5 94. f4+ Kg6 95. Kf3 Kf6 96. Ke3 Ke6 97. Kd4 Kd6 98. Rh5 Ke6 99. Kc5 Ke7 100. Kd5 Kf6 101. Rh4 Rd7+ 102. Kc6 Rh7 103. Kd6 Kf7 104. Ke5 Kg6 105. Ke6 Rh8 106. h7 Re8+ 107. Kd7 Rh8 108. Ke7 Kg7 109. Rh5 Kg6 110. Rg5+ Kh6 111. Rxf5 Rxh7+ 112. Rf7 Rh8 113. Rf8 Rh7+ 114. Kf6 Kh5 115. f5 Rh6+ 116. Kg7 Kg5 117. Re8 Rf6 118. Re5 Rd6 119. f6+ Kf4 120. Rh5 1-0